• 首页
  • 本馆介绍
  • 公告通知
  • 最新文献
  • 馆藏检索
  • 电子资源
  • 读者导购
  • 参考咨询
  • 我的图书馆
  • 登录
  • 详细信息显示
  • 放入我的书架
  • 预约/预借图书
  • 作者相关作品
  • 分类相关作品
  • 丛书相关作品
  • 出版社相关作品

书目信息

  • 表格格式
  • 工作单格式
  • 卡片格式
题名:
科学与艺术
    
 
作者: 戴吾三 , 刘兵 著
分册:  
出版信息: 北京   清华大学出版社  2006
页数: 217页
开本: 21cm
丛书名: 清华新人文丛书
单 册:
中图分类: N05
科图分类:
主题词: 科学--关系--艺术--研究
电子资源:
ISBN: 7-302-13515-0
000 00858oam2 2200265 450
001 1540087283
005 20150119110830.20
010    @a7-302-13515-0@dCNY20.00
100    @a20060124d2006 em y0chiy50 ea
101 0  @achi
102    @aCN@b110000
105    @aa z 000yy
200 1  @a科学与艺术@9ke xue yu yi shu@f戴吾三,刘兵著
210    @a北京@c清华大学出版社@d2006
215    @a217页@c照片,图@d21cm
225 2  @a清华新人文丛书@i科学人文系列
330    @a本书是一本在科学与艺术的交界处,分析讨论科学,分析艺术,讨论科学与艺术的联系,讨论科学、艺术与社会的著作。
461  0 @12001 @a清华新人文丛书
462  0 @1001002928844
606 0  @a科学@x关系@x艺术@x研究
690    @aN05@v5
701  0 @a戴吾三@9dai wu san@f(1953~)@4著
701  0 @a刘兵@9liu bing@c(物理学,@f1958~)@4著
801  0 @aCN@bTSSF@c20150119
905    @aZUCC@dN05@eJY26
    
    科学与艺术/戴吾三,刘兵著.-北京:清华大学出版社,2006
    217页:照片,图;21cm.-(清华新人文丛书.科学人文系列)
    
    
    ISBN 7-302-13515-0:CNY20.00
    本书是一本在科学与艺术的交界处,分析讨论科学,分析艺术,讨论科学与艺术的联系,讨论科学、艺术与社会的著作。
●
相关链接 在E读中查询图书 在五车中查询图书 在当当中查询图书 在豆瓣中查询图书


正题名:科学与艺术     索取号:N05/JY26         预约/预借

序号 登录号 条形码 馆藏地/架位号 状态 备注
1 7848534   278485346   学院路分馆/ [索取号:N05/JY26] 在馆    
2 7848535   278485355   学院路分馆/ [索取号:N05/JY26] 在馆    
唐山师范学院图书馆 欢迎您!
大连网信软件有限公司© 版权所有